000 00333nam a2200121Ia 4500
008 241015s9999 xx 000 0 und d
041 _aeng
082 _a123.3 KLA
100 _aKlaas Briian
245 _aFLUKE : Chance, chaos,and why everything we do matters
260 _bJohn Murray press
_aLondon
_c2024
300 _a316;. P. 23 cm
999 _c41943
_d41943